[Event "34. ABC-Turnier 2014 - Gruppe B"]
[Site "Dortmund"]
[Date "2014.12.18"]
[Round "9.4"]
[White "Stein, Daniel"]
[Black "Rauschenbusch, Udo"]
[Result "1-0"]
[WhiteElo "1639"]
[BlackElo "1648"]
[PlyCount "53"]
[EventDate "2014.??.??"]

1. d4 d5 2. c4 Nc6 3. cxd5 Qxd5 4. e3 e5 5. Nc3 Bb4 6. Bd2 Bxc3 7. Bxc3 e4 8.
Ne2 Nf6 9. Nf4 Qd6 10. d5 Ne5 11. Qd4 Nd3+ 12. Bxd3 exd3 13. Qxd3 O-O 14. O-O
Re8 15. f3 b6 16. Rfd1 Bb7 17. Qd4 a5 18. Qd2 g5 19. Nh3 h6 20. Qd4 Kg7 21. Nf2
c5 22. dxc6 Qxc6 23. Ng4 Re6 24. Nxf6 Rxf6 25. Qxf6+ Qxf6 26. Bxf6+ Kxf6 27.
Rd6+ 1-0

[Event "34. ABC-Turnier 2014 - Gruppe B"]
[Site "Dortmund"]
[Date "2014.12.18"]
[Round "9.5"]
[White "Schultz, Bernfried"]
[Black "Ropers, Klaus"]
[Result "0-1"]
[WhiteElo "1800"]
[BlackElo "1705"]
[PlyCount "66"]
[EventDate "2014.??.??"]

1. e4 c5 2. d4 cxd4 3. Qxd4 Nc6 4. Qe3 d6 5. Nc3 Nf6 6. Bd2 g6 7. O-O-O Bg7 8.
f3 a6 9. Nge2 Be6 10. Kb1 b5 11. Nf4 Bd7 12. g4 h5 13. g5 Nh7 14. h4 Rb8 15.
Ncd5 a5 16. Bc3 Bxc3 17. Qxc3 O-O 18. Be2 Ne5 19. Rhg1 b4 20. Qd4 Nc6 21. Qd2
a4 22. Nxh5 Qa5 23. Nhf4 Rfc8 24. Nxe7+ Nxe7 25. Qxd6 b3 26. cxb3 a3 27. Qxd7
Rxb3 28. Qxe7 Rxb2+ 29. Ka1 Qc3 30. Rd8+ Rxd8 31. Qxd8+ Nf8 32. Qd3 Rb1+ 33.
Kxb1 Qb2# 0-1

[Event "34. ABC-Turnier 2014 - Gruppe C"]
[Site "Dortmund"]
[Date "2014.10.20"]
[Round "1.2"]
[White "Kirmes, Hans-Uwe"]
[Black "Link, Werner"]
[Result "0-1"]
[WhiteElo "1376"]
[BlackElo "1465"]
[PlyCount "52"]
[EventDate "2014.??.??"]

1. f4 d5 2. Nf3 Nf6 3. e3 e6 4. b3 Be7 5. Bb2 b6 6. Ne5 Bb7 7. Bb5+ c6 8. Bd3
Nbd7 9. O-O Nxe5 10. Bxe5 c5 11. Bb5+ Nd7 12. Bxg7 Rg8 13. Be5 d4 14. g3 f6 15.
Qh5+ Kf8 16. Qh6+ Rg7 17. Bxd7 Qxd7 18. Bxf6 Bxf6 19. Qxf6+ Kg8 20. exd4 Qd5
21. Kf2 Rf8 22. Qe5 Qg2+ 23. Ke1 Qxh2 24. Qxe6+ Kh8 25. g4 Qh4+ 26. Ke2 Re7 0-1

[Event "34. ABC-Turnier 2014 - Gruppe C"]
[Site "Dortmund"]
[Date "2014.10.02"]
[Round "1.3"]
[White "Reinacher, Detlev"]
[Black "Wickenfeld, Udo"]
[Result "0-1"]
[WhiteElo "1543"]
[BlackElo "1380"]
[PlyCount "94"]
[EventDate "2014.??.??"]

1. e4 c5 2. d3 e6 3. Nf3 a6 4. g3 Nc6 5. Bg2 Qc7 6. O-O Nf6 7. c3 b5 8. Re1 Bb7
9. Nbd2 e5 10. Qc2 d6 11. a3 Be7 12. b3 O-O 13. Bb2 Rac8 14. Rac1 Qb6 15. Qb1
Rcd8 16. Nf1 Bc8 17. Ne3 Rfe8 18. b4 Bb7 19. Nd5 Nxd5 20. exd5 Nb8 21. bxc5
Qxc5 22. c4 Nd7 23. Nd2 Qb6 24. h4 Nf6 25. Ne4 Bc8 26. Nxf6+ Bxf6 27. cxb5 Qxb5
28. Rc7 Bb7 29. Rec1 Bxd5 30. Qa1 Bxg2 31. Kxg2 Qd5+ 32. Kh2 Qxd3 33. Qa2 Be7
34. Bc3 Qf5 35. Bb4 Qe6 36. Qc2 g6 37. Rc6 e4 38. Ba5 Rb8 39. Bc7 Rbc8 40. Rxa6
Qd7 41. Rc6 Qe6 42. a4 Ra8 43. a5 Qe5 44. a6 Bxh4 45. Kg2 Bg5 46. Bxd6 Qb5 47.
Qa2 Bxc1 0-1

[Event "34. ABC-Turnier 2014 - Gruppe C"]
[Site "Dortmund"]
[Date "2014.10.02"]
[Round "1.4"]
[White "Lange, Hans-Werner"]
[Black "Reich, Peter"]
[Result "0-1"]
[WhiteElo "1541"]
[BlackElo "1510"]
[PlyCount "78"]
[EventDate "2014.??.??"]

1. Nf3 d5 2. d4 Nc6 3. Bf4 Nf6 4. h3 Bf5 5. a3 e6 6. e3 Bd6 7. Ne5 Ne7 8. Nd2
O-O 9. Bd3 Ne4 10. Bxe4 dxe4 11. Ndc4 Nd5 12. Bg3 Be7 13. Na5 Rb8 14. c4 Nf6
15. c5 Nd5 16. O-O Bh4 17. Qe2 Bxg3 18. fxg3 f6 19. Nec4 Qe8 20. b4 b6 21. Nb3
Qa4 22. Nbd2 Qb5 23. Rac1 bxc5 24. dxc5 Rfd8 25. Nb3 Qe8 26. Nca5 Qa4 27. Nd4
Qxa3 28. Nac6 Nxe3 29. Nxf5 Nxf1 30. Nfe7+ Kf8 31. Rxf1 Rxb4 32. Nxb4 Qxb4 33.
Nc6 Qxc5+ 34. Qf2 e3 35. Qe2 Rd2 36. Rxf6+ gxf6 37. Qa6 Kg7 38. Qb7 e2+ 39. Kh2
Qd6 0-1

[Event "34. ABC-Turnier 2014 - Gruppe C"]
[Site "Dortmund"]
[Date "2014.10.02"]
[Round "1.5"]
[White "Schrimpl, Michael"]
[Black "Benke, Werner"]
[Result "0-1"]
[WhiteElo "1481"]
[BlackElo "1439"]
[PlyCount "58"]
[EventDate "2014.??.??"]

1. c4 Nf6 2. Nc3 d5 3. cxd5 Nxd5 4. d4 e6 5. e4 Nf6 6. a3 c5 7. Nf3 Be7 8. Bb5+
Bd7 9. Bxd7+ Qxd7 10. O-O O-O 11. dxc5 Bxc5 12. Qe2 Nc6 13. Bg5 Be7 14. Rfd1
Qe8 15. e5 Nd7 16. Bf4 a6 17. Rac1 Rd8 18. Ne4 Nb6 19. Qc2 Rxd1+ 20. Rxd1 Qc8
21. Nfg5 g6 22. Nf3 Nd5 23. Bg3 Rd8 24. h3 Bf8 25. Bh4 Be7 26. Bg3 Bf8 27. Qc1
Nce7 28. Nc3 Nxc3 29. Rxd8 Ne2+ 0-1

[Event "34. ABC-Turnier 2014 - Gruppe C"]
[Site "Dortmund"]
[Date "2014.10.16"]
[Round "2.1"]
[White "Giesenberg, Angela"]
[Black "Benke, Werner"]
[Result "0-1"]
[WhiteElo "1544"]
[BlackElo "1439"]
[PlyCount "69"]
[EventDate "2014.??.??"]

1. Nf3 d5 2. d3 Nf6 3. g3 b6 4. Bg2 Bb7 5. O-O Nbd7 6. Nbd2 e6 7. Re1 Be7 8. b3
O-O 9. Bb2 Rc8 10. c4 c5 11. cxd5 exd5 12. Rc1 Bd6 13. e4 dxe4 14. dxe4 Bb8 15.
e5 Ng4 16. e6 fxe6 17. Rxe6 Bd5 18. Re1 Ndf6 19. h3 Nh6 20. g4 Ne8 21. Qc2 Rc7
22. Rcd1 Bxf3 23. Nxf3 Rd7 24. Rxd7 Qxd7 25. Ng5 Nf6 26. Bxf6 gxf6 27. Bd5+ Kh8
28. Ne6 Re8 29. Qd2 Nf7 30. f4 Nd8 31. f5 Qd6 32. Re2 Qg3+ 33. Rg2 Qe5 34. Bc4
Nxe6 35. Bxe6 {Die Notation endet hier. Schwarz steht nach 35...Da1+ 36.Kf2
Le5 besser, doch warum seine Gegnerin hier aufgibt, ist nicht ersichtlich.} 0-1

[Event "34. ABC-Turnier 2014 - Gruppe C"]
[Site "Dortmund"]
[Date "2014.10.16"]
[Round "2.2"]
[White "Reich, Peter"]
[Black "Schrimpl, Michael"]
[Result "1/2-1/2"]
[WhiteElo "1510"]
[BlackElo "1481"]
[PlyCount "73"]
[EventDate "2014.??.??"]

1. e4 d6 2. Nf3 c5 3. Nc3 Nc6 4. Bc4 h6 5. O-O a6 6. a4 Nf6 7. d3 e6 8. Re1 Be7
9. h3 O-O 10. Ba2 Bd7 11. Ne2 b5 12. axb5 axb5 13. Bd2 Qb6 14. Ng3 Ra6 15. Bb3
Rfa8 16. Rxa6 Qxa6 17. c3 Qc8 18. Be3 Bf8 19. Qd2 Ne7 20. Nh4 e5 21. Kh2 Rb8
22. f4 exf4 23. Bxf4 Be6 24. Bc2 Ng6 25. Nxg6 fxg6 26. e5 dxe5 27. Bxe5 Ra8 28.
d4 cxd4 29. Bxg6 dxc3 30. Bxc3 Qd7 31. Qf2 Bf7 32. Bf5 Qc7 33. Bxf6 gxf6 34.
Be4 Ra6 35. Kh1 Qc5 36. Qf3 Qg5 37. Bb7 {(=)} 1/2-1/2

[Event "34. ABC-Turnier 2014 - Gruppe C"]
[Site "Dortmund"]
[Date "2014.10.24"]
[Round "2.3"]
[White "Wickenfeld, Udo"]
[Black "Lange, Hans-Werner"]
[Result "1/2-1/2"]
[WhiteElo "1380"]
[BlackElo "1541"]
[PlyCount "108"]
[EventDate "2014.??.??"]

1. d4 c5 2. d5 d6 3. c4 g6 4. Nc3 Bg7 5. Bf4 Nf6 6. Qc1 h5 7. Nf3 a6 8. a4 Bd7
9. e4 Bg4 10. Be2 Bxf3 11. Bxf3 Qa5 12. O-O O-O 13. Bh6 Nbd7 14. Bxg7 Kxg7 15.
Re1 Qc7 16. Rb1 Rae8 17. b4 e6 18. dxe6 Rxe6 19. Nd5 Qd8 20. Nxf6 Qxf6 21. bxc5
Nxc5 22. Qc2 Rfe8 23. Re3 R8e7 24. Rbe1 Nd7 25. a5 Ne5 26. Bd1 Rc7 27. Rc3 Nc6
28. Rf3 Qe5 29. Rfe3 Nxa5 30. Rc3 d5 31. f3 Nxc4 32. Qc1 b5 33. Bb3 d4 34. f4
Qc5 35. f5 $4 Re5 $4 36. f6+ Kh7 37. Rd3 Qd6 38. Qf4 Qc5 39. Qf2 Rd7 40. Kh1
Re6 41. g4 Qg5 42. gxh5 Qxh5 43. Bd1 Qg5 44. Rh3+ Kg8 45. Rg3 Qxf6 46. Rf3 Qg7
47. Qg3 Rf6 48. Qb8+ Qf8 49. Qxf8+ Kxf8 50. Rxf6 a5 51. e5 Kg7 52. Rf4 Re7 53.
Rfe4 d3 54. Rd4 d2 1/2-1/2

[Event "34. ABC-Turnier 2014 - Gruppe C"]
[Site "Dortmund"]
[Date "2014.10.09"]
[Round "2.4"]
[White "Link, Werner"]
[Black "Reinacher, Detlev"]
[Result "1/2-1/2"]
[WhiteElo "1465"]
[BlackElo "1543"]
[PlyCount "74"]
[EventDate "2014.??.??"]

1. d4 Nf6 2. c4 d6 3. Nf3 g6 4. Nc3 Bg7 5. e3 c6 6. Bd3 Nbd7 7. Bd2 a6 8. O-O
e5 9. Ne4 Nxe4 10. Bxe4 f5 11. Bc2 e4 12. Ne1 b5 13. cxb5 axb5 14. Bc3 b4 15.
Bxb4 c5 16. dxc5 dxc5 17. Qd5 Ba6 18. Bb3 Rf8 19. Bxc5 Nxc5 20. Qxc5 Bxf1 21.
Kxf1 (21. Qc6+ $3 $18) 21... Bxb2 22. Rd1 Qc8 23. Qb5+ ({Oder auch} 23. Ba4+
Kf7 24. Rd7+ Kg8 25. Bb3+ Kh8 26. Qe7 $18) 23... Ke7 24. Ba4 (24. Qb4+ $1 Kf6
25. Qd6+ {usw.}) 24... Qa6 25. Rd7+ Kf6 26. Qxa6+ Rxa6 27. Bb3 h5 28. g3 g5 29.
Ng2 Rc6 30. h4 Rc1+ 31. Ke2 Bc3 32. hxg5+ Kxg5 33. f3 Rf6 34. Nf4 exf3+ 35.
Kxf3 Rf1+ 36. Kg2 Rb1 37. Rh7 Rh6 1/2-1/2

[Event "34. ABC-Turnier 2014 - Gruppe C"]
[Site "Dortmund"]
[Date "2014.10.16"]
[Round "2.5"]
[White "Vogt, Christian"]
[Black "Kirmes, Hans-Uwe"]
[Result "1/2-1/2"]
[WhiteElo "1545"]
[BlackElo "1376"]
[PlyCount "117"]
[EventDate "2014.??.??"]

1. d4 d5 2. c4 c6 3. Nc3 e6 4. e4 dxe4 5. Nxe4 Nd7 6. a3 Ngf6 7. Nc3 Be7 8. Nf3
O-O 9. Be2 b6 10. O-O Bb7 11. Bf4 Nh5 12. Be3 Nhf6 13. b4 Re8 {(=)} 14. c5 b5
15. Bd2 Nd5 16. Qc2 N7f6 17. Ne5 Nxc3 18. Bxc3 Nd5 19. Bb2 f6 20. Ng4 Rf8 21.
Rfe1 Re8 22. Bd3 f5 23. Ne5 Bf6 24. g3 Qc7 25. Re2 Rad8 26. Rae1 g6 27. Nf3 Qd7
28. h4 Bc8 29. Ng5 Bxg5 30. hxg5 Bb7 31. Kg2 Rc8 32. Bc1 Re7 33. Re5 Rce8 34.
Be2 Kg7 {(=)} 35. Bf3 Kf7 36. Rh1 Kg7 37. Bxd5 exd5 38. Bf4 Kg8 39. Rhe1 Rxe5
40. Bxe5 f4 41. f3 fxg3 42. Kxg3 Bc8 43. Qh2 Re7 44. Qh6 Rf7 45. Bd6 Qd8 46.
Re5 Bf5 47. Qh1 Qxg5+ 48. Kf2 Qd8 49. Qe1 Qh4+ 50. Ke2 Qxe1+ 51. Kxe1 Kg7 52.
Re8 Kh6 53. Ke2 Kh5 54. Ra8 g5 55. Bb8 g4 56. Rxa7 gxf3+ 57. Kf2 Rxa7 58. Bxa7
Kg4 59. Bb8 1/2-1/2

[Event "34. ABC-Turnier 2014 - Gruppe C"]
[Site "Dortmund"]
[Date "2014.10.23"]
[Round "3.1"]
[White "Kirmes, Hans-Uwe"]
[Black "Giesenberg, Angela"]
[Result "1/2-1/2"]
[WhiteElo "1376"]
[BlackElo "1544"]
[PlyCount "73"]
[EventDate "2014.??.??"]

1. e4 d6 2. Nc3 Nc6 3. f4 g6 4. Nf3 Bg7 5. Bb5 Bd7 6. Bxc6 Bxc6 7. d3 e6 8. O-O
Ne7 9. Qe1 a6 10. a3 b5 11. h3 Bb7 12. g4 f5 13. Ng5 Bc8 14. exf5 exf5 15. Ne6
Bxe6 16. Qxe6 Qd7 17. Qxd7+ Kxd7 18. g5 Rae8 19. Bd2 h6 20. h4 hxg5 21. hxg5
Rh4 22. Kg2 Nc6 23. Rac1 Rg4+ 24. Kf3 Nd4+ 25. Kf2 Ne6 26. Rce1 Bd4+ 27. Kf3
Bc5 28. Ne2 d5 29. Bb4 Bxb4 30. axb4 Rh4 31. Rh1 Reh8 32. Rxh4 Rxh4 33. c3 Kd6
34. d4 Rh3+ 35. Ng3 Rh2 36. Ne2 Rh3+ 37. Ng3 1/2-1/2

[Event "34. ABC-Turnier 2014 - Gruppe C"]
[Site "Dortmund"]
[Date "2014.10.23"]
[Round "3.2"]
[White "Reinacher, Detlev"]
[Black "Vogt, Christian"]
[Result "1/2-1/2"]
[WhiteElo "1543"]
[BlackElo "1545"]
[PlyCount "116"]
[EventDate "2014.??.??"]

1. e4 c6 2. d3 d5 3. Nd2 g6 4. Ngf3 Bg7 5. g3 e5 6. Bg2 Ne7 7. O-O O-O 8. a4 d4
9. Nc4 Qc7 10. b3 a5 11. Bd2 c5 12. Ne1 Nbc6 13. f4 Be6 14. Nxe5 Nxe5 15. fxe5
Nc6 16. Nf3 Nxe5 17. Nxe5 Bxe5 18. Bf4 f6 19. Qd2 g5 20. Bxe5 Qxe5 21. Rf2 Kg7
22. Raf1 b6 23. Qe2 Rae8 24. g4 Rf7 25. h3 Bd7 26. Qd2 h6 27. Rf3 Ref8 28. R1f2
Ra8 29. Bf1 Raf8 30. Kg2 Qb8 31. Be2 Qc8 32. Qe1 Qc7 33. Qf1 Qb8 34. Kg1 Qe5
35. Qg2 Qd6 36. Rg3 Qe5 37. Qh2 Rh8 38. h4 Rh7 39. Kg2 Kg6 40. Qh1 Be6 41. Rh3
Kg7 42. Kf1 Kg8 43. Ke1 h5 44. hxg5 Qxg5 45. Rfh2 Qc1+ 46. Kf2 Qxh1 47. Rxh1
hxg4 48. Rxh7 Rxh7 49. Rxh7 Kxh7 50. Kg3 Kg6 51. Bxg4 f5 52. exf5+ Bxf5 53. Kf4
Bxg4 54. Kxg4 Kf6 55. Kf4 Ke6 56. Ke4 Kd6 57. Kf5 Kd5 58. Kf6 Kd6 1/2-1/2

[Event "34. ABC-Turnier 2014 - Gruppe C"]
[Site "Dortmund"]
[Date "2014.10.23"]
[Round "3.3"]
[White "Lange, Hans-Werner"]
[Black "Link, Werner"]
[Result "1/2-1/2"]
[WhiteElo "1541"]
[BlackElo "1465"]
[PlyCount "79"]
[EventDate "2014.??.??"]

1. d4 d5 2. Nf3 e6 3. Bf4 b6 4. e3 Bb7 5. Bd3 Nf6 6. h3 Nbd7 7. O-O Be7 8. Nbd2
O-O 9. c4 c5 10. Rc1 Rc8 11. Qe2 dxc4 12. Nxc4 Nd5 13. Bg3 N7f6 14. Rfd1 Nb4
15. Bb1 cxd4 16. Nxd4 Qd5 17. Nf3 Qh5 18. Nd4 Qxe2 19. Nxe2 Rfd8 20. Rxd8+ Rxd8
21. Ne5 Rd2 22. Nd4 Rxb2 23. Kh2 Ne4 24. Rc7 Bd6 25. Rxb7 Rxb1 26. Nb5 Nxg3 27.
Kxg3 Bxe5+ 28. f4 g5 (28... Nc6 $1 $19 {zum Beispiel} 29. fxe5 Rxb5 30. Rc7 Nd8
31. Rd7 Rd5 {usw.}) 29. fxe5 Nd3 30. Nd6 Nxe5 31. Rxa7 h5 32. h4 Rb4 33. hxg5
Rg4+ 34. Kf2 Rxg5 35. g3 Rg4 36. Ne8 Rg6 37. Rb7 Nc4 38. Rb8 Kh7 39. Rb7 Kg8
40. Rb8 1/2-1/2

[Event "34. ABC-Turnier 2014 - Gruppe C"]
[Site "Dortmund"]
[Date "2014.10.23"]
[Round "3.4"]
[White "Schrimpl, Michael"]
[Black "Wickenfeld, Udo"]
[Result "1/2-1/2"]
[WhiteElo "1481"]
[BlackElo "1380"]
[PlyCount "42"]
[EventDate "2014.??.??"]

1. c4 Nf6 2. Nc3 g6 3. d4 d6 4. e4 Nbd7 5. b4 c6 6. Bb2 Bg7 7. Be2 O-O 8. f4 e5
9. Nh3 Qc7 10. O-O h6 11. f5 exd4 12. Qxd4 Ng4 $4 13. Qd2 (13. Qxg7+ $3 Kxg7
14. Nd5+ Ngf6 15. Nxc7 $18) 13... Nde5 14. Kh1 b5 15. cxb5 cxb5 16. Nd5 Qd8 17.
Bxb5 Rb8 18. Be2 Nf6 19. Nxf6+ Qxf6 20. fxg6 Qxg6 21. a3 Bb7 {(=)} 1/2-1/2

[Event "34. ABC-Turnier 2014 - Gruppe C"]
[Site "Dortmund"]
[Date "2014.10.23"]
[Round "3.5"]
[White "Benke, Werner"]
[Black "Reich, Peter"]
[Result "1/2-1/2"]
[WhiteElo "1439"]
[BlackElo "1510"]
[PlyCount "120"]
[EventDate "2014.??.??"]

1. d4 d5 2. c4 e6 3. Nc3 Nf6 4. e3 Nc6 5. Nf3 Be7 6. Be2 O-O 7. O-O b6 8. h3
Re8 9. Re1 Bb7 10. cxd5 Nxd5 11. Nxd5 Qxd5 12. b3 Na5 13. Bd2 Ba3 14. Bc1 Be7
15. Bd2 Rac8 16. Bc3 Ba3 17. Qd2 Nc6 18. Bb2 Bxb2 19. Qxb2 Ne7 20. Rac1 Ng6 21.
Red1 Red8 22. Qc2 Rd7 23. Qc4 Qxc4 24. Rxc4 Ba6 25. Rc2 Bxe2 26. Rxe2 Ne7 27.
Rc1 f6 28. Rec2 Kf8 29. Kh2 Ke8 30. Kg3 Kd8 31. Nd2 Rd5 32. Ne4 Nf5+ 33. Kh2
Ne7 34. Nc3 Rd7 35. Kg3 a6 36. a3 Nd5 37. Kf3 Nxc3 38. Rxc3 Rd5 39. Ke4 Kd7 40.
f4 g6 41. g4 h6 42. Rc6 f5+ 43. Kf3 Rd6 44. R6c2 c6 45. b4 Rd5 46. Rg2 Kd6 47.
gxf5 gxf5 48. Rg6 Rh8 49. Rcg1 h5 50. Rf6 Ke7 51. Rgg6 Rd6 52. e4 fxe4+ 53.
Kxe4 Rhd8 54. Kf3 Rxd4 55. Rxe6+ Kf7 56. Rgf6+ Kg7 57. Rg6+ Kf7 58. Ref6+ Ke7
59. Rxc6 Rd3+ 60. Ke4 R8d4+ 1/2-1/2

[Event "34. ABC-Turnier 2014 - Gruppe C"]
[Site "Dortmund"]
[Date "2014.10.30"]
[Round "4.1"]
[White "Giesenberg, Angela"]
[Black "Reich, Peter"]
[Result "0-1"]
[WhiteElo "1544"]
[BlackElo "1510"]
[PlyCount "112"]
[EventDate "2014.??.??"]

1. Nf3 d5 2. g3 Nf6 3. Bg2 Nc6 4. d3 Bg4 5. h3 Bh5 6. Nbd2 e5 7. e4 dxe4 8.
dxe4 Bc5 9. O-O O-O 10. g4 Nxg4 11. hxg4 Bxg4 12. Nb3 Bd6 13. c3 f5 14. Qd5+
Kh8 15. Nh2 Bh5 16. Nc5 Bf7 17. Nxb7 Qd7 18. Qd3 fxe4 19. Qxe4 Ne7 20. Nxd6
cxd6 21. Be3 Bd5 22. Qg4 Be6 23. Qe2 Rae8 24. Rad1 Rf6 25. Kh1 d5 26. Rg1 e4
27. c4 Qc7 28. cxd5 Nxd5 29. Bxe4 Nxe3 30. fxe3 Ref8 31. Rdf1 Qe5 32. Rxf6 Rxf6
33. Bg2 Rh6 34. Bf3 Bc4 35. Qf2 Qf5 36. Rg3 Qb1+ 37. Kg2 Rf6 38. Ng4 Rf8 39. b3
Bd5 40. Qe2 Be6 41. Nf2 Rc8 42. Qa6 Qf5 43. Qxa7 Qf8 44. Qd4 Rc2 45. a4 Bxb3
46. a5 Ra2 47. Qb6 Bc4 48. e4 h6 49. e5 Ra1 50. Qb2 Bf1+ 51. Kh2 Re1 52. Qd4
Qe7 53. Ng4 Qh4+ 54. Rh3 Qxh3+ 55. Kg1 Qg3+ 56. Kh1 Bg2# 0-1

[Event "34. ABC-Turnier 2014 - Gruppe C"]
[Site "Dortmund"]
[Date "2014.10.30"]
[Round "4.2"]
[White "Wickenfeld, Udo"]
[Black "Benke, Werner"]
[Result "1-0"]
[WhiteElo "1380"]
[BlackElo "1439"]
[PlyCount "126"]
[EventDate "2014.??.??"]

1. d4 d5 2. Nf3 Nf6 3. Bg5 e6 4. e3 Be7 5. c4 O-O 6. cxd5 exd5 7. Nc3 Nbd7 8.
Qc2 h6 9. Bh4 Re8 10. O-O-O a6 11. Kb1 b5 12. Bd3 Bb7 13. Ng1 Rc8 14. f3 c5 15.
dxc5 Nxc5 16. Bf5 Ne6 17. Qb3 Qb6 18. Bf2 Red8 19. Nh3 Bc5 20. Rhf1 Bxe3 21.
Bxe3 Qxe3 22. Rfe1 Qb6 23. Nf4 $4 Rc4 $4 (23... Nxf4 $19) 24. Nxe6 fxe6 25.
Rxe6 Qc5 26. Re2 Rd4 27. Red2 Rxd2 28. Rxd2 Kf8 29. Qc2 Qg1+ 30. Rd1 Qxh2 31.
Be6 Qe5 32. Bh3 Kf7 33. a3 Qf4 34. Ne2 Qd6 35. Nd4 Re8 36. Bf5 {(=)} 36... Re7
37. Bg6+ Kf8 38. Nf5 Qc7 39. Nxe7 Qxe7 40. Ka1 Nd7 41. Rxd5 Nf6 42. Rd1 Ne8 43.
Qd2 Bc6 44. Re1 Qh4 45. Bxe8 Bxe8 46. Qd6+ Kf7 47. Qd5+ Kf8 48. Qc5+ Kf7 49.
Qf5+ Qf6 50. Qh5+ g6 51. Qxh6 Bc6 52. Qh7+ Kf8 53. Qh6+ Kf7 54. Qe3 Qd6 55. Qh6
Kg8 56. Qe3 Kf7 57. Qa7+ Bd7 58. Rh1 Kf6 59. Qe3 Kf7 60. Qe1 Be6 61. Qd1 Qc5
62. Qc1 Qd5 63. Rh7+ Kg8 {und Schwarz ueberschritt die Zeit.} 1-0

[Event "34. ABC-Turnier 2014 - Gruppe C"]
[Site "Dortmund"]
[Date "2014.10.30"]
[Round "4.3"]
[White "Link, Werner"]
[Black "Schrimpl, Michael"]
[Result "0-1"]
[WhiteElo "1465"]
[BlackElo "1481"]
[PlyCount "52"]
[EventDate "2014.??.??"]

1. d4 Nf6 2. Nf3 e6 3. c4 c5 4. e3 d5 5. cxd5 Nxd5 6. Nc3 Nc6 7. Bb5 Nxc3 8.
bxc3 cxd4 9. cxd4 Qa5+ 10. Bd2 Qxb5 11. a4 Qh5 12. O-O Bd6 13. Rb1 b6 14. Rb5
f5 15. d5 Ne7 16. dxe6 Ba6 17. Bc3 Rd8 18. Qb1 O-O 19. Qb2 Qh6 20. Be5 Bxb5 21.
axb5 Qxe6 22. Ng5 Qxe5 23. Qb3+ Qd5 24. Qa4 Bb8 25. Qh4 h6 26. Nh3 Ng6 0-1

[Event "34. ABC-Turnier 2014 - Gruppe C"]
[Site "Dortmund"]
[Date "2014.10.30"]
[Round "4.4"]
[White "Vogt, Christian"]
[Black "Lange, Hans-Werner"]
[Result "1/2-1/2"]
[WhiteElo "1545"]
[BlackElo "1541"]
[PlyCount "96"]
[EventDate "2014.??.??"]

1. d4 Nf6 2. Nf3 g6 3. g3 Bg7 4. Bg2 O-O 5. b3 c5 6. Bb2 cxd4 7. Nxd4 Nc6 8. c4
Nxd4 9. Bxd4 d6 10. Nd2 a6 11. O-O Rb8 12. Rc1 Be6 13. Qc2 Qa5 14. Bc3 Qh5 15.
Ne4 Bh3 16. Nxf6+ exf6 17. Rfd1 Bxg2 18. Kxg2 Rfd8 19. Rd5 Qg4 20. Rcd1 Rd7 21.
Rxd6 Rxd6 22. Rxd6 f5 23. f3 Qg5 24. Bxg7 Kxg7 25. Qc3+ Kg8 26. Qd2 Qe7 27. Rd7
Qe5 28. e3 b5 29. Rd8+ Kg7 30. Rxb8 Qxb8 31. Qd4+ Kg8 32. c5 Qc7 33. e4 fxe4
34. fxe4 Qa5 35. Kh3 Qxa2 36. c6 Qe2 37. c7 Qh5+ 38. Kg2 Qe2+ 39. Qf2 Qxe4+ 40.
Kg1 Qb1+ 41. Qf1 Qc2 42. Qf4 Qd1+ 43. Kg2 Qe2+ 44. Qf2 Qe4+ 45. Kg1 Qc6 46. Qa7
Qc1+ 47. Kg2 Qc2+ 48. Kh3 Qf5+ 1/2-1/2

[Event "34. ABC-Turnier 2014 - Gruppe C"]
[Site "Dortmund"]
[Date "2014.10.30"]
[Round "4.5"]
[White "Kirmes, Hans-Uwe"]
[Black "Reinacher, Detlev"]
[Result "0-1"]
[WhiteElo "1376"]
[BlackElo "1543"]
[PlyCount "132"]
[EventDate "2014.??.??"]

1. e4 d6 2. Nc3 g6 3. f4 Bg7 4. Nf3 Nd7 5. Bc4 Ngf6 6. d3 O-O 7. O-O c6 8. a4
a5 9. Qe1 e6 10. Bb3 Qc7 11. h3 b6 12. Qh4 Ba6 13. Ng5 Rfe8 14. f5 Nc5 15. fxg6
fxg6 16. Ba2 Re7 17. Be3 d5 18. exd5 cxd5 19. Bd4 Rf8 20. Rae1 Qd7 21. Be5 Bh8
22. Rf3 Ree8 23. Ref1 Qe7 24. Qd4 Ncd7 25. Qe3 Nxe5 26. Qxe5 Nd7 27. Rxf8+ Nxf8
28. Qg3 Qc5+ 29. Kh1 Bxc3 30. bxc3 Qxc3 31. Qf4 Qg7 32. Qd6 Qb2 33. Qc7 Qg7 34.
Rf7 Qh6 35. Rxh7 Nxh7 36. Qf7+ Kh8 37. Qxe8+ Qf8 38. Qxf8+ Nxf8 39. Nf7+ Kg7
40. Ne5 Kf6 41. Nf3 Kf5 42. d4 Kf4 43. Kg1 Ke3 44. Kh2 Be2 45. Ng1 Bd1 46. Bb3
Kd2 47. Kg3 Bxc2 48. Nf3+ Kc3 49. Bxc2 Kxc2 50. Kf4 Kb3 51. Ke5 Kxa4 52. Ng5
Kb3 53. Nxe6 Nxe6 54. Kxe6 a4 55. Kxd5 a3 56. Kc6 a2 57. d5 a1=Q 58. d6 Qa4+
59. Kc7 Qa7+ 60. Kd8 Qa8+ 61. Ke7 Qe4+ 62. Kd7 Qxg2 63. Kc7 Qc2+ 64. Kd7 Qf5+
65. Ke7 Qxh3 66. d7 Qxd7+ 0-1

[Event "34. ABC-Turnier 2014 - Gruppe C"]
[Site "Dortmund"]
[Date "2014.11.13"]
[Round "5.1"]
[White "Reinacher, Detlev"]
[Black "Giesenberg, Angela"]
[Result "1-0"]
[WhiteElo "1543"]
[BlackElo "1544"]
[PlyCount "53"]
[EventDate "2014.??.??"]

1. e4 c5 2. d3 Nc6 3. g3 Nf6 4. Bg2 g6 5. Nf3 Bg7 6. c3 d5 7. Qc2 b6 8. Nbd2
dxe4 9. dxe4 Ba6 10. Qa4 Bb7 11. O-O O-O 12. Re1 Ng4 13. h3 Nge5 14. Nxe5 Nxe5
15. Nc4 Qc8 16. Nxe5 Bxe5 17. Bh6 Rd8 18. Rad1 Qc6 19. Qc2 Rd7 20. Rxd7 Qxd7
21. Rd1 Qc6 22. Rd2 Bc7 23. Qd1 e5 24. f4 Re8 25. fxe5 Qe6 26. Rd7 Re7 27. Rxc7
1-0

[Event "34. ABC-Turnier 2014 - Gruppe C"]
[Site "Dortmund"]
[Date "2014.11.06"]
[Round "5.2"]
[White "Lange, Hans-Werner"]
[Black "Kirmes, Hans-Uwe"]
[Result "1-0"]
[WhiteElo "1541"]
[BlackElo "1376"]
[PlyCount "55"]
[EventDate "2014.??.??"]

1. d4 d5 2. Nf3 e6 3. Bf4 Nf6 4. h3 Bd6 5. Ne5 Nbd7 6. e3 Ne4 7. Nd2 Nxd2 8.
Qxd2 a6 9. Bd3 Nf6 10. Qe2 Bd7 11. O-O Qe7 12. Rac1 c5 13. c4 dxc4 14. Bxc4 b5
15. Bd3 c4 16. Bb1 Nd5 17. Bg3 Bc8 18. Nc6 Qc7 19. Bxd6 Qxd6 20. Ne5 Bb7 21. f4
Nf6 22. f5 Bc8 23. Qf3 Qd5 24. Qf4 O-O 25. fxe6 Bxe6 26. Qh4 h6 27. Rxf6 Qd8
28. Qe4 1-0

[Event "34. ABC-Turnier 2014 - Gruppe C"]
[Site "Dortmund"]
[Date "2014.11.06"]
[Round "5.3"]
[White "Schrimpl, Michael"]
[Black "Vogt, Christian"]
[Result "1/2-1/2"]
[WhiteElo "1481"]
[BlackElo "1545"]
[PlyCount "61"]
[EventDate "2014.??.??"]

1. c4 Nf6 2. Nc3 e6 3. e4 d5 4. e5 d4 5. exf6 dxc3 6. bxc3 Qxf6 7. d4 e5 8. Nf3
exd4 9. cxd4 Bb4+ 10. Bd2 Bxd2+ 11. Qxd2 O-O 12. Be2 c5 13. O-O cxd4 14. Qxd4
Qxd4 15. Nxd4 Rd8 16. Nb5 Nc6 17. Nc7 Rb8 18. Rfd1 Nd4 19. Bf1 Bf5 20. Nd5 Nc6
21. Rac1 Kf8 22. Re1 Rbc8 23. f3 h6 24. Kf2 Re8 25. Rxe8+ Rxe8 26. Rc3 Ne7 27.
Re3 Nxd5 28. Rxe8+ Kxe8 29. cxd5 Kd7 30. Ke3 Kd6 31. Kd4 {(=)} 1/2-1/2

[Event "34. ABC-Turnier 2014 - Gruppe C"]
[Site "Dortmund"]
[Date "2014.11.20"]
[Round "5.4"]
[White "Benke, Werner"]
[Black "Link, Werner"]
[Result "0-1"]
[WhiteElo "1439"]
[BlackElo "1465"]
[PlyCount "90"]
[EventDate "2014.??.??"]

1. d4 d5 2. c4 c6 3. e3 Nf6 4. Nf3 e6 5. Nc3 Be7 6. Be2 O-O 7. h3 b6 8. O-O Bb7
9. b3 Nbd7 10. Bb2 Rc8 11. Rc1 a6 12. a3 Re8 13. Qd2 c5 14. cxd5 Nxd5 15. Nxd5
Bxd5 16. Qd3 b5 17. Qd1 c4 18. b4 Nb6 19. Qd2 Na4 20. Ba1 Bf6 21. Bd1 Nb6 22.
Re1 Be4 23. Bc2 Qd5 24. Bxe4 Qxe4 25. Qc2 Qxc2 26. Rxc2 Na4 27. Rec1 Rc7 28. e4
g6 29. Nd2 Rd7 30. Nf3 Red8 31. e5 Bg7 32. Re1 Nb6 33. Ng5 Nd5 34. Ne4 Ne7 35.
Nc5 Ra7 36. a4 Nc6 37. Bc3 Nxd4 38. Rd2 Nc6 39. Rxd8+ Nxd8 40. Rd1 Nc6 41. f4
Bf8 42. Kf2 bxa4 43. Ra1 a5 44. Rxa4 axb4 45. Bxb4 Nxb4 0-1

[Event "34. ABC-Turnier 2014 - Gruppe C"]
[Site "Dortmund"]
[Date "2014.11.06"]
[Round "5.5"]
[White "Reich, Peter"]
[Black "Wickenfeld, Udo"]
[Result "1/2-1/2"]
[WhiteElo "1510"]
[BlackElo "1380"]
[PlyCount "33"]
[EventDate "2014.??.??"]

1. e4 c5 2. Nf3 e6 3. Nc3 a6 4. a4 Nc6 5. Bc4 Qc7 6. O-O Nf6 7. d3 b6 8. Re1
Be7 9. Bg5 d6 10. Qd2 O-O 11. h3 Nd4 12. Re3 Nh5 13. Ne2 Nxe2+ 14. Rxe2 Bxg5
15. Qxg5 Nf6 16. Rae1 e5 17. Nd2 {(=)} 1/2-1/2